000 00212nam a2200097Ia 4500
008 190216s9999||||xx |||||||||||||| ||und||
100 _aGovindan Nair M N
245 0 _aNayarude Mook
260 _bNull
942 _cBK
999 _c24797
_d24797